000 01107nam a2200325Ia 4500
001 dia_907
003 CHAP
005 20230116141758.0
008 220117s1995 xx 000 0 und d
010 _a171455
020 _a84-7114-536-7
040 _cCHAP
082 _a333.714 C66 1995
100 _aConesa Fernández-Vitora, Vicente
_926385
245 _aGuía metodológica para la evaluación del impacto ambiental /
_c Vicente Conesa Fdez.-Vitora ; colaboración Vicente Ros Garro, Vicente Conesa Ripoll y Luis A. Conesa Ripoll
250 _a2a ed. rev. y ampliada
260 _aEspaña :
_b Mundi-Prensa,
_c1995
300 _a309 p.
503 _a1.180195
504 _aBibliografía: p. 385-390
650 _aImpacto ambiental
_957465
650 _aMedio ambiente
_974065
700 _aConesa Ripoll, Luis A., colab.
_9149501
700 _aConesa Ripoll, Vicente, colab.
_9149502
700 _aRos Garro, Vicente, colab.
_9149503
901 _a333.714 C66 1995
902 _aM
905 _a0000001995 SP mn 0000000000SPA00
942 _cLIBRO
_2ddc
999 _c171455
_d171455